Perspectivas piagetianas en la educación infantil

Furkejuvvon:
Bibliográfalaš dieđut
Váldodahkkit: Saunders, Ruth (Dahkki), Bingham-Newman, A. M (Dahkki)
Materiálatiipa: Girji
Giella:espánnjágiella
Almmustuhtton: Madrid Morata 1989
Ráidu:Educación Infantil y Primaria, 7
Fáttát:
Fáddágilkorat: Lasit fáddágilkoriid
Eai fáddágilkorat, Lasit vuosttaš fáddágilkora!

MARC

LEADER 00000nam a2200000 a 4500
001 UCL8488
003 CL-VaPUC
008 040625e19890000SP |||||||||||||||||spa|d
020 |a 8471123304 
082 0 4 |a 370.15  |b SAU  |2 21 
100 0 |a Saunders, Ruth  |e author  |9 486365 
700 0 |a Bingham-Newman, A. M  |e author  |9 486366 
245 1 0 |a Perspectivas piagetianas en la educación infantil 
300 |a 350 p 
942 |c BK 
945 |d 20040625 00:00:00  |a cmena 
260 |a Madrid  |b Morata  |c 1989 
650 0 |a Psicología educacional   |9 307830 
650 0 |a Niños  |9 255605 
650 0 |a Filosofía de la educación   |9 258384 
650 0 |a Desarrollo infantil  |9 308064 
583 |a last modification  |c 20040625 00:00:00  |k Rodrigo Vera 
490 0 |a Educación Infantil y Primaria, 7 
999 |c 309737  |d 309735 
952 |0 0  |1 0  |4 0  |6 370_150000000000000_SAU_1989  |7 0  |8 A  |9 377473  |a BIBEDU  |b BIBEDU  |d 2019-11-21  |i 4031350  |o 370.15 SAU 1989  |p 4031350  |r 2019-11-21  |w 2019-11-21  |y BK  |k PAR